000 00461nam a2200169 a 4500
001 0000-8631
003 ELIB.Books
008 110520 2002
035 _a(ELIB.Books)0000-8777
082 _a242.2
_bPon
100 _aPongracz, Lynda E.
245 _aThe Wonder Devotional ( Book- II )
260 _bU.S.A.: Child Evangelism Fellowship Inc.
_c2002
650 _aDevotional Literature
942 _2ddc
_cBK
998 _cbat
_e2011-05-20
999 _c8631
_d8631